000 00924nam a2200301Ia 4500
001 Para_1824
003 CHAP
008 220125s1997 xx 000 0 und d
010 _a200437
040 _cCHAP
090 _aPA FOLLETO 3483
100 _aTeliz Ortíz, Daniel, ed.
_9165314
245 _aEnfermedades del maíz, frijol, trigo y papa /
_c por Daniel Teliz Ortíz
260 _aMontecillo, Méx. :
_b Colegio de Postgraduados. Centro de Fitopatología
300 _a84 p.
650 _aFrijol
_x enfermedades
_943367
650 _aMaíz
_x enférmedades
_970939
650 7 _aPapas
_xEnfermedades
_2
_985227
650 _aTrigo
_x enfermedades
_9115017
710 _aCP. Centro de Fitopatología
_9164014
901 _aPA FOLLETO 3483
902 _aA
905 _a0000001997 a 0000000000 00
910 _a1997
942 _cPARA
942 _cPARA
_d1
999 _c200437
_d200437